| 000 | 00556cam a22002177a 4500 | ||
|---|---|---|---|
| 001 | 000083 | ||
| 003 | armpunfd | ||
| 005 | 20140612090558.0 | ||
| 008 | 011019e1977####xx#a##########000#0#und#d | ||
| 040 |
_aarmpunfd _carmpunfd |
||
| 080 | _a341.24 F 865 | ||
| 100 | 1 | 0 | _a Fratalocchi, Aldo |
| 245 | 1 | 0 | _aComo exportar |
| 260 |
_a Buenos Aires _b Cangallo _c1977 |
||
| 300 | _a276 p. | ||
| 650 | 7 |
_a Comercio Exterior _2LEMB |
|
| 650 | 7 |
_a Exportacion _2LEMB |
|
| 650 | 7 |
_a Politica Economica _2LEMB |
|
| 942 |
_cLB _2cdu |
||
| 945 |
_aCatalis _d2010-08-19 |
||
| 999 |
_c82 _d230586 |
||